Separations for biotechnology
Guardat en:
| Autors principals: | , |
|---|---|
| Format: | Llibre |
| Idioma: | anglès |
| Publicat: |
Londres
Ellis Horwood
1987
|
| Col·lecció: | Ellis Howood Series in Biochemistry and Biotechnology
|
| Matèries: | |
| Etiquetes: |
Afegir etiqueta
Sense etiquetes, Sigues el primer a etiquetar aquest registre!
|
MARC
| LEADER | 00000nam a2200000 a 4500 | ||
|---|---|---|---|
| 001 | UCV6050 | ||
| 003 | CL-VaPUC | ||
| 008 | 900423e19870000UK |||||||||||||||||eng|d | ||
| 082 | 0 | 4 | |a 660.6 |b VER |2 21 |
| 100 | 0 | |a Verral, M. S |e author |9 300283 | |
| 700 | 0 | |a Hudson, M. J |e author |9 300284 | |
| 245 | 1 | 0 | |a Separations for biotechnology |
| 300 | |a 502 p | ||
| 942 | |c BK | ||
| 945 | |d 19900423 00:00:00 | ||
| 260 | |a Londres |b Ellis Horwood |c 1987 | ||
| 650 | 0 | |a Biotecnología |9 259561 | |
| 650 | 7 | |a SEPARACION TECNOLOGIA |2 CL-VaPUC |9 262992 | |
| 583 | |a last modification |c 19900423 00:00:00 |k Rodrigo Vera | ||
| 490 | 0 | |a Ellis Howood Series in Biochemistry and Biotechnology | |
| 999 | |c 212304 |d 212302 | ||